Patología general veterinaria / (Record no. 86500)
[ view plain ]
| 000 -LEADER | |
|---|---|
| campo de control de longitud fija | 00650nam a2200157 i 4500 |
| 001 - NÚMERO DE CONTROL | |
| campo de control | 86500 |
| 003 - IDENTIFICADOR DE NÚMERO DE CONTROL | |
| campo de control | ES-MaACL |
| 007 - CAMPO FIJO DE DESCRIPCIÓN FÍSICA--INFORMACIÓN GENERAL | |
| campo de control de longitud fija | t| |
| 008 - DATOS DE LONGITUD FIJA--INFORMACIÓN GENERAL | |
| campo de control de longitud fija | 041213s1942 sp ||||1| spa d |
| 100 1# - ENTRADA PRINCIPAL--NOMBRE DE PERSONA | |
| Nombre de persona | Kitt, Theodor. |
| 9 (RLIN) | 68164 |
| 245 10 - MENCIÓN DEL TÍTULO | |
| Título | Patología general veterinaria / |
| Mención de responsabilidad, etc. | Theodor Kitt ; traducción de la sexta edición alemana revisada y ampliada por el autor expresamente para esta edición española ; versión española por Julio G. Sánchez Lucas. |
| 260 ## - PUBLICACIÓN, DISTRIBUCIÓN, ETC. | |
| Lugar de publicación, distribución, etc. | Barcelona : |
| Nombre del editor, distribuidor, etc. | Labor, |
| Fecha de publicación, distribución, etc. | 1942 ( |
| Fabricante | Talls. Gráfs. Iberoamericanos) |
| 300 ## - DESCRIPCIÓN FÍSICA | |
| Extensión | XVI, 629 p., 4 lám. ; |
| Dimensiones | 25 cm. |
| 700 1# - ENTRADA AGREGADA--NOMBRE PERSONAL | |
| Nombre de persona | Sánchez-Lucas, Julio G. |
| 9 (RLIN) | 102737 |
| 852 ## - LOCALIZACIÓN | |
| Ubicación | ES-MaACL |
| Número de control de estantería | E-829 |
| Sublocalización o colección | R.19772 |
| Estatus retirado | Estado de pérdida | Estado de daño | No para préstamo | Biblioteca de origen | Biblioteca actual | Ubicación en estantería | Fecha de adquisición | Fuente de adquisición | Total de préstamos | Signatura topográfica completa | Código de barras | Visto por última vez | Precio de reemplazo | Tipo de ítem Koha |
|---|---|---|---|---|---|---|---|---|---|---|---|---|---|---|
| Biblioteca del Ateneo de Madrid | Biblioteca del Ateneo de Madrid | Depósito 2 | 17/01/2008 | E-829 | 1090371 | 23/02/2023 | 23/02/2023 | Libro impreso |
